书目信息 |
| 题名: |
葡萄组织培养及应用
|
|
| 作者: | 曹孜义 , 齐与枢 编著 | |
| 分册: | ||
| 出版信息: | 北京 高等教育出版社 1990.11 |
|
| 页数: | 223页 | |
| 开本: | 19cm | |
| 丛书名: | 全国“星火计划”丛书 | |
| 单 册: | ||
| 中图分类: | S663.103.6 | |
| 科图分类: | ||
| 主题词: | 组织培养-葡萄--应用 , 葡萄-组织培养--应用 | |
| 电子资源: | ||
| ISBN: | 7-04-002344-X | |
| 000 | 00904nam 2200265 45 | |
| 001 | 0191012319 | |
| 005 | 20061123164738.43 | |
| 010 | @a7-04-002344-X@dCNY1.85 | |
| 100 | @a19910529d1990 em y0chiy0121 ea | |
| 101 | 0 | @achi |
| 102 | @aCN@b110000 | |
| 105 | @ay z 000yy | |
| 200 | 10 | @a葡萄组织培养及应用@APU TAO ZU ZHI PEI YANG JI YING YONG@f曹孜义,齐与枢编著@FCAO ZI YI , QI YU SHU BIAN ZHU |
| 210 | @a北京@c高等教育出版社@d1990.11 | |
| 215 | @a223页@d19cm | |
| 225 | 2 | @a全国“星火计划”丛书@i植物组织培养及其应用丛书@v第五分册 |
| 410 | 0 | @120010@a植物组织培养及其应用丛书@v第五分册 |
| 540 | 1 | @a葡萄 组织 培养 应用@APU TAO ZU ZHI PEI YANG YING YONG |
| 606 | @a组织培养-葡萄@x应用 | |
| 606 | @a葡萄-组织培养@x应用 | |
| 690 | @aS663.103.6 | |
| 701 | 0 | @a曹孜义@ACAO ZI YI@4编著 |
| 701 | 0 | @a齐与枢@AQI YU SHU@4编著 |
| 801 | 0 | @aCN@bTSSF@c20061123 |
| 905 | @a10447@dS663.103.6@e50 | |
| 葡萄组织培养及应用/曹孜义,齐与枢编著.-北京:高等教育出版社,1990.11 |
| 223页;19cm.-(全国“星火计划”丛书.植物组织培养及其应用丛书;第五分册) |
| ISBN 7-04-002344-X:CNY1.85 |
| ● |
| 相关链接 |
|
|
|
|
正题名:葡萄组织培养及应用
索取号:S663.103.6/50
 
预约/预借
| 序号 | 登录号 | 条形码 | 馆藏地/架位号 | 状态 | 备注 |
| 1 | 0257859 | 000718389 | 第二样本阅览室/ [索取号:S663.103.6/50] | 在馆 |